000 02299nam a2200433 i 4500
001 193301
003 ES-MaACL
005 20250804062804.0
007 ta
008 231031s2017 sp r 000 0 spa d
017 _aAS 02948-2017
_bOficina Depósito Legal Asturias
020 _a9788469740897
035 _aRebiun28161702
040 _auned
_bspa
_cuned
_dES-MaACL
080 _a1
100 1 _aVallina, Alicia,
_d1976-
_eaut
_9234272
245 1 0 _aApuntes filosóficos, 1876 [por] Gumersindo del Valle y Huerta /
_cAlicia Vallina ; prólogo, Ignacio Gómez de Liaño ; ilustraciones, Amparo Alepuz
246 _aApuntes filosóficos por Gumersindo del Valle
260 _a[Gijón :
_bAlicia Vallina,
_c2017]
300 _a166 páginas :
_bilustraciones (color) ;
_c16 x 21 cm
336 _2rdacontent
_aTexto
337 _2rdamedia
_asin mediación
338 _2rdacarrier
_avolumen
504 _aBibliografía: páginas 111-113
505 0 _aFacsímil : Apuntes filosóficos por Gumersindo del Valle
520 _aLos hasta ahora inéditos Apuntes filosóficos escritos en 1876 por el médico asturiano Gumersindo del Valle y Huerta y custodiados en el Museo de América de Madrid, son rescatados por la Dra. Alicia Vallina en una magnífica muestra de recuperación documental. Este relevante análisis sobre la medicina y la filosofía en las postrimerías del siglo XIX es un ejemplo de cordura intelectual, en el que del Valle rechaza la doctrina fatalista de la filosofía alemana y pugna por la defensa de los valores de la libertad.
600 1 4 _9133514
_aValle y Huerta, Gumersindo del,
_d1849-1900
650 7 _aFilosofía
_2embne
_912802
700 1 _aValle y Huerta, Gumersindo del,
_d1849-1900
_9133514
_eaut
700 0 _aGómez de Liaño, Ignacio
_957908
_eaui
700 1 _aAlepuz, Amparo
_9234507
_eill
852 _aES-MaACL
_9200741
_bR.154727
_jN-9501
_cDEPOJ
_hDonación: Alicia Vallina
_xEncuadernación rústica con solapas
903 _aVallina, Alicia,
_d1976-
_ednr
_9234272
942 _n0
_cMONOGRAFIA
999 _c193301
_d193301